书目信息 |
| 题名: |
SPSS数据统计与分析从新手到高手
|
|
| 作者: | 杨光霞 , 谢华 编著 | |
| 分册: | ||
| 出版信息: | 北京 清华大学出版社 2014.9 |
|
| 页数: | 385页,[2] 页图版 | |
| 开本: | 26cm | |
| 丛书名: | 从新手到高手 | |
| 单 册: | ||
| 中图分类: | C819 | |
| 科图分类: | ||
| 主题词: | 统计分析--Tong Ji Fen Xi--软件包 , 软件包--Ruan Jian Bao | |
| 电子资源: | ||
| ISBN: | 978-7-302-34949-5 | |
| 000 | 01392nam0 22002891 450 | |
| 001 | 349675 | |
| 005 | 20161008162215.73 | |
| 010 | @a978-7-302-34949-5@dCNY59.80 (含光盘) | |
| 100 | @a20140905d2014 em y0chiy50 ea | |
| 101 | 0 | @achi |
| 102 | @aCN@b110000 | |
| 105 | @aaf z 000yy | |
| 106 | @ar | |
| 200 | 1 | @aSPSS数据统计与分析从新手到高手@ASPSSShu Ju Tong Ji Yu Fen Xi Cong Xin Shou Dao Gao Shou@f杨光霞,谢华等编著 |
| 210 | @a北京@c清华大学出版社@d2014.9 | |
| 215 | @a385页,[2] 页图版@c图@d26cm@e附光盘1片 | |
| 225 | 2 | @a从新手到高手@ACong Xin Shou Dao Gao Shou |
| 307 | @a附光盘:ISBN 978-7-89414-788-2 | |
| 330 | @a本书汇集了用户在使用SPSS 20.0分析数据时最常用的统计分析方法,通过实用案例,详细向用户解释了初始数据分析、建立和管理数据文件、绘制统计图表、基本统计分析、平均数差异分析、非参数检验、方差分析、相关分析、回归分析、信度分析、聚类分析和判别分析、对数线性分析、时间序列分析、多重响应分析、生存分析、因子和对应分析等内容。本书的最后两章以具体实例详细介绍了使用SPSS 20.0统计与挖掘数据信息的具体操作方法和使用技巧。在本书光盘中,提供了本书实例的完整素材文件和全程配音教学视频文件。 | |
| 461 | 0 | @12001 @a从新手到高手 |
| 606 | 0 | @a统计分析@ATong Ji Fen Xi@x软件包 |
| 606 | 0 | @a软件包@ARuan Jian Bao |
| 690 | @aC819@v5 | |
| 701 | 0 | @a杨光霞@AYang Guang Xia@4编著 |
| 701 | 0 | @a谢华@AXie Hua@4编著 |
| 801 | 0 | @aCN@bTANGWEI@20160730 |
| 905 | @b0886200-4@dC819@e126@f5 | |
| SPSS数据统计与分析从新手到高手/杨光霞,谢华等编著.-北京:清华大学出版社,2014.9 |
| 385页,[2] 页图版:图;26cm+附光盘1片.-(从新手到高手) |
| ISBN 978-7-302-34949-5:CNY59.80 (含光盘) |
| 本书汇集了用户在使用SPSS 20.0分析数据时最常用的统计分析方法,通过实用案例,详细向用户解释了初始数据分析、建立和管理数据文件、绘制统计图表、基本统计分析、平均数差异分析、非参数检验、方差分析、相关分析、回归分析、信度分析、聚类分析和判别分析、对数线性分析、时间序列分析、多重响应分析、生存分析、因子和对应分析等内容。本书的最后两章以具体实例详细介绍了使用SPSS 20.0统计与挖掘数据信息的具体操作方法和使用技巧。在本书光盘中,提供了本书实例的完整素材文件和全程配音教学视频文件。 |
| ● |
| 相关链接 |
|
|
|
|
正题名:SPSS数据统计与分析从新手到高手
索取号:C819/126
 
预约/预借
| 序号 | 登录号 | 条形码 | 馆藏地/架位号 | 状态 | 备注 |
| 1 | 0886200 | 208862006 | 第一样本阅览室/ [索取号:C819/126] | 在馆 | |
| 2 | 0886201 | 208862015 | 第一借阅区/ [索取号:C819/126] |
已借出,限还日期为2026.04.27 借出人:孙立双 |
|
| 3 | 0886202 | 208862024 | 第一借阅区/ [索取号:C819/126] | 在馆 | |
| 4 | 0886203 | 208862033 | 第一借阅区/ [索取号:C819/126] | 在馆 | |
| 5 | 0886204 | 208862042 | 第一借阅区/ [索取号:C819/126] | 在馆 |